Les Meilleurs buteurs de l'Euro 2008 - Statistiques

Statistiques générales
  • Ce quiz a été pris 36 fois
  • Le résultat moyen est 6 sur 18
Statistiques - réponses
Buts Équipe Joueur % Correct
4 Espagne David Villa
87%
2 Allemagne Miroslav Klose
80%
2 Espagne Fernando Torres
73%
2 Suède Zlatan Ibrahimović
67%
2 Pays-Bas Robin van Persie
50%
2 Pays-Bas Ruud van Nistelrooy
47%
3 Allemagne Lukas Podolski
43%
2 Pays-Bas Wesley Sneijder
43%
2 Allemagne Michael Ballack
40%
2 Allemagne Bastian Schweinsteiger
37%
2 Turquie Arda Turan
23%
2 Espagne Daniel Güiza
13%
3 Suisse Hakan Yakın
10%
2 Turquie Nihat Kahveci
10%
3 Turquie Semih Şentürk
10%
2 Croatie Ivan Klasnić
7%
2 Russie Andrej Aršavin
0%
3 Russie Roman Pavljučenko
0%
Aucun quiz correspondant
Distribution des résultats
% des personnes avec chaque résultat
Percentile par nombre de réponses
Votre historique - résultats
Vous n’avez pas pris ce quiz